| 000 | 00464nam a2200169Ia 4500 | ||
|---|---|---|---|
| 005 | 20250425162814.0 | ||
| 008 | 250425s9999 xx 000 0 und d | ||
| 020 | _a0935584897 | ||
| 041 |
_z _heng |
||
| 082 |
_a543.1 _pLAT |
||
| 100 | _aLatimer, Jr.; George W. | ||
| 245 | 0 |
_aOfficial Methods Of Analysis _cGeorge W.; Latimer, jr. |
|
| 260 |
_aRockville, Maryland _bAOAC _c2019 |
||
| 300 |
_aP. IREG. _bIlustraciones _c29.5 cm |
||
| 942 | _c01 | ||
| 010 | _a109342 | ||
| 999 |
_c236788 _d236788 |
||